000 00301nam a2200133Ia 4500
100 _aBoard of aprrenticeship
650 _aGeneral
942 _cBK
654 _aApprenticeship facilities
245 _aApprenticeship facilities westorn rigion
260 _bnone
546 _aENGLISH
999 _c29009
_d29009